Language Quiz

Random Language or Latin Quiz

Latin Relative Pronouns Quiz Stats

Quiz not verified by Sporcle

Challenge
Share
Tweet
Embed
Score 0/30 Timer 03:00
0 Plays Today
Hint Answer % Correct
Masculine Nominative Singularqui
100%
Feminine Nominative Singularquae
100%
Neuter Nominative Singularquod
100%
Masculine Genitive Singularcuius
100%
Feminine Genitive Singularcuius
100%
Neuter Genitive Singularcuius
100%
Masculine Dative Singularcui
100%
Feminine Dative Singularcui
100%
Neuter Dative Singularcui
100%
Neuter Accusative Singularquod
100%
Feminine Accusative Singularquam
95.7%
Masculine Ablative Singularquo
95.7%
Feminine Ablative Singularqua
95.7%
Neuter Ablative Singularquo
95.7%
Masculine Nominative Pluralqui
95.7%
Hint Answer % Correct
Masculine Accusative Singularquem
91.3%
Feminine Nominative Pluralquae
91.3%
Neuter Nominatve Plualquae
91.3%
Masculine Genitive Pluralquorum
87%
Feminine Genitive Pluralquarum
87%
Neuter Genitive Pluralquorum
87%
Masculine Dative Pluralquibus
87%
Feminine Dative Pluralquibus
87%
Neuter Dative Pluralquibus
87%
Masculine Accusative Pluralquos
87%
Masculine Ablative Pluralquibus
87%
Feminine Ablative Pluralquibus
87%
Neuter Ablative Pluralquibus
87%
Feminine Accusative Pluralquas
82.6%
Neuter Accusative Pluralquae
82.6%

You're not logged in!

Compare scores with friends on all Sporcle quizzes.
Join for Free
OR
Log In

You Might Also Like...

Show Comments

Extras

Created May 19, 2015ReportNominate
Tags:Latin Quiz, pronoun, relative

Top Quizzes Today


Score Distribution

Your Account Isn't Verified!

In order to create a playlist on Sporcle, you need to verify the email address you used during registration. Go to your Sporcle Settings to finish the process.

Report this User

Report this user for behavior that violates our Community Guidelines.

Details: